| 000 | 00412nam a2200157 a 4500 | ||
|---|---|---|---|
| 020 | _a0118837338 (pbk.) : | ||
| 040 | _cDLC | ||
| 082 | 0 | 0 | _a363 H.M 1984 A016 Or. |
| 245 | 0 | 0 |
_aGeneral engineering : _bhealth and safety, 1977-82 / |
| 260 |
_aLondon : _bH.M.S.O., _c1984. |
||
| 300 |
_a19 p. : _bill. ; _c30 cm. |
||
| 650 | 0 | _aEngineering | |
| 650 | 0 | _aIndustrial safety | |
| 710 | 1 | _aGreat Britain. | |
| 942 | _cEK | ||
| 999 |
_c11623 _d11623 |
||